[Event "Olimpiada Calviá 2004"]
[Site "Calviá ESP"]
[Date "2004.10.26"]
[Round "11.51"]
[White "Bibby, Simon"]
[Black "Abbas, Baha H"]
[Result "1/2-1/2"]
[WhiteElo "2229"]
[BlackElo "2213"]
[PlyCount "88"]
[EventDate "2004.10.15"]
[EventType "team"]
[EventRounds "14"]
[EventCountry "ESP"]
[Source "lmi"]
[SourceDate "2004.10.27"]

1. e4 e5 2. Nc3 Nf6 3. Bc4 Nxe4 4. Qh5 Nd6 5. Bb3 c6 6. Ne4 Qe7 7. Nxd6+ Qxd6
8. Qxf7+ Kd8 9. d4 exd4 10. Nf3 Qe7+ 11. Qxe7+ Bxe7 12. Nxd4 Bf6 13. Be3 c5 14.
Nb5 Na6 15. O-O-O h6 16. Rd5 b6 17. Rhd1 Re8 18. Ba4 Re4 19. Bb3 Nb4 20. c3 c4
21. Bc2 Rxe3 22. cxb4 Re2 23. Nd6 Rxf2 24. Nxc4 Rxg2 25. h3 Rb8 26. Be4 Rf2 27.
R5d3 Ke8 28. Re1 Kf8 29. Bg6 Ba6 30. b3 Rc8 31. Rxd7 Bxc4 32. bxc4 Rxc4+ 33.
Kd1 Rc8 34. Rxa7 Bc3 35. Ree7 Rd2+ 36. Kc1 Bxb4+ 37. Rec7 Rxc7+ 38. Rxc7 Rxa2
39. Rf7+ Kg8 40. Rb7 Rf2 41. Rxb6 Ba3+ 42. Kd1 Rf3 43. h4 Rf6 44. Rb8+ Rf8
1/2-1/2

[Event "Olimpiada Calviá 2004"]
[Site "Calviá ESP"]
[Date "2004.10.26"]
[Round "11.51"]
[White "Albadri, Abd Al Sattar"]
[Black "Nanjo, Ryosuke"]
[Result "1-0"]
[WhiteElo "2142"]
[BlackElo "2154"]
[PlyCount "105"]
[EventDate "2004.10.15"]
[EventType "team"]
[EventRounds "14"]
[EventCountry "ESP"]
[Source "lmi"]
[SourceDate "2004.10.27"]

1. d4 d6 2. Nf3 Bg4 3. c4 Nd7 4. Nc3 Ngf6 5. g3 Bxf3 6. exf3 g6 7. Qb3 Rb8 8.
Bg2 Bg7 9. Be3 O-O 10. Rd1 a6 11. a4 c6 12. O-O b5 13. cxb5 cxb5 14. axb5 axb5
15. h3 b4 16. Na4 d5 17. Rc1 Qa5 18. Nc5 Rfc8 19. Ra1 Qb5 20. Rfc1 e6 21. Bf1
Qb6 22. Ra6 Nxc5 23. dxc5 Qc7 24. c6 Ne8 25. Ra7 Qe5 26. c7 Rxc7 27. Rcxc7 Nxc7
28. Bf4 Qxb2 29. Qxb2 Bxb2 30. Bxc7 Rc8 31. Ba6 Re8 32. Bb5 Re7 33. Bc6 Bd4 34.
Ra8+ Kg7 35. Bd6 Ra7 36. Be5+ Bxe5 37. Rxa7 b3 38. Rb7 b2 39. f4 Bc3 40. Be8
Kf8 41. Ba4 Kg7 42. Bc2 Kf6 43. Kf1 e5 44. fxe5+ Bxe5 45. Bb1 h5 46. Ba2 h4 47.
gxh4 Kf5 48. Rxf7+ Ke4 49. Bb1+ Kd4 50. Bxg6 Kc3 51. Ke2 d4 52. f4 Bh8 53. Bd3
1-0

[Event "Olimpiada Calviá 2004"]
[Site "Calviá ESP"]
[Date "2004.10.26"]
[Round "11.51"]
[White "Shiomi, Ryo"]
[Black "Abdul Adhim, Muneer"]
[Result "1-0"]
[WhiteElo "2072"]
[BlackElo "2202"]
[PlyCount "101"]
[EventDate "2004.10.15"]
[EventType "team"]
[EventRounds "14"]
[EventCountry "ESP"]
[Source "lmi"]
[SourceDate "2004.10.27"]

1. e4 e6 2. d3 d5 3. Nd2 Nf6 4. Ngf3 c5 5. g3 Nc6 6. Bg2 Be7 7. O-O O-O 8. Re1
b6 9. e5 Nd7 10. Nf1 Ba6 11. h4 Rc8 12. N1h2 Qc7 13. Bf4 Rfd8 14. Ng5 h6 15.
Nxf7 Kxf7 16. Bxd5 Nf8 17. Be4 Ke8 18. Qh5+ Kd7 19. Qf7 Re8 20. c3 Nd8 21. Qxg7
Bb7 22. Ng4 Nc6 23. Nf6+ Kd8 24. Nxe8 Kxe8 25. Bxh6 Nd8 26. Qg8 Bxe4 27. Rxe4
Nf7 28. Bg7 Rd8 29. Rf4 Nxe5 30. Bxf8 Kd7 31. Qg7 Re8 32. Bxe7 Rxe7 33. Qg8 Qc6
34. Qb8 Nf3+ 35. Rxf3 Qxf3 36. Qxa7+ Ke8 37. Qb8+ Kd7 38. Qxb6 Qd5 39. d4 c4
40. a4 Qf3 41. Qb5+ Kd8 42. Qb8+ Kd7 43. Qf4 Qe2 44. a5 Qxb2 45. Qc1 Qe2 46. a6
Rf7 47. Qe1 Qf3 48. a7 Rf8 49. Ra2 Ra8 50. Qe2 Qd5 51. Qe5 1-0

[Event "Olimpiada Calviá 2004"]
[Site "Calviá ESP"]
[Date "2004.10.26"]
[Round "11.51"]
[White "Jalal, Adil  Ali"]
[Black "Kato, Takeshi"]
[Result "1/2-1/2"]
[WhiteElo "2270"]
[BlackElo "2045"]
[PlyCount "51"]
[EventDate "2004.10.15"]
[EventType "team"]
[EventRounds "14"]
[EventCountry "ESP"]
[Source "lmi"]
[SourceDate "2004.10.27"]

1. c4 Nf6 2. Nc3 g6 3. g3 Bg7 4. Bg2 O-O 5. Nf3 d6 6. O-O Nbd7 7. Rb1 e5 8. d3
Nc5 9. b4 Ne6 10. Ng5 Nxg5 11. Bxg5 h6 12. Bd2 c6 13. b5 d5 14. bxc6 bxc6 15.
Qa4 Bd7 16. Qa6 Rc8 17. cxd5 cxd5 18. Rfc1 d4 19. Ne4 Nxe4 20. Bxe4 Rxc1+ 21.
Bxc1 Qc7 22. Ba3 Rb8 23. Rc1 Qb6 24. Qxb6 Rxb6 25. Rc7 Bh3 26. f3 1/2-1/2

[Event "Olimpiada Calviá 2004"]
[Site "Calviá ESP"]
[Date "2004.10.26"]
[Round "11.52"]
[White "Denny, Kevin"]
[Black "Matoewi, Roger"]
[Result "1/2-1/2"]
[WhiteElo "2334"]
[BlackElo "2195"]
[PlyCount "101"]
[EventDate "2004.10.15"]
[EventType "team"]
[EventRounds "14"]
[EventCountry "ESP"]
[Source "lmi"]
[SourceDate "2004.10.27"]

1. e4 c5 2. Nf3 Nc6 3. Bb5 g6 4. O-O Bg7 5. c3 Nf6 6. Re1 O-O 7. h3 a6 8. Bxc6
dxc6 9. d4 cxd4 10. cxd4 Qc7 11. Qc2 b6 12. Be3 Bb7 13. Nc3 Rac8 14. Rac1 Rfd8
15. b4 Qb8 16. a4 Nd7 17. Rb1 Ba8 18. Rec1 e5 19. a5 b5 20. dxe5 c5 21. bxc5
Nxc5 22. Nd5 Bxd5 23. Bxc5 Ba8 24. e6 fxe6 25. Qb3 Re8 26. Ng5 Qe5 27. f4 Qf6
28. Be3 Rc3 29. Rxc3 Qxc3 30. Qxc3 Bxc3 31. Rb3 Bxa5 32. Ra3 Bd8 33. Rxa6 Bxg5
34. fxg5 Bxe4 35. Rb6 Bd3 36. Rb7 Bc4 37. Bc5 e5 38. Kf2 Ra8 39. Bd6 Ra2+ 40.
Kg3 Rxg2+ 41. Kxg2 Bd5+ 42. Kf2 Bxb7 43. Bxe5 Kf7 44. Ke3 Ke6 45. Bg7 Kf5 46.
h4 Kg4 47. Kd4 Bg2 48. Kc5 Bf1 49. Kb4 Kxh4 50. Bh6 Kg4 51. Kc5 1/2-1/2

[Event "Olimpiada Calviá 2004"]
[Site "Calviá ESP"]
[Date "2004.10.26"]
[Round "11.52"]
[White "Corbin, Philip"]
[Black "Gajadin, Dewperkash"]
[Result "1-0"]
[WhiteElo "2242"]
[BlackElo "2207"]
[PlyCount "173"]
[EventDate "2004.10.15"]
[EventType "team"]
[EventRounds "14"]
[EventCountry "ESP"]
[Source "lmi"]
[SourceDate "2004.10.27"]

1. e4 e5 2. d4 exd4 3. c3 dxc3 4. Bc4 d6 5. Nxc3 Nc6 6. Nf3 Be6 7. Bxe6 fxe6 8.
Qb3 Qd7 9. Qxb7 Rb8 10. Qa6 Nf6 11. O-O Rb6 12. Qe2 Be7 13. Rd1 O-O 14. e5 Ne8
15. Na4 Rb4 16. Nc5 Qc8 17. exd6 Bxd6 18. Qxe6+ Qxe6 19. Nxe6 Rf6 20. Ned4 Nxd4
21. Rxd4 Rb5 22. Re4 Rf8 23. Re2 Nf6 24. Be3 a6 25. Bd4 Nd5 26. b3 Nf4 27. Re4
Rd5 28. Be3 h6 29. g3 Nh5 30. Kg2 Nf6 31. Rd4 Re8 32. Rad1 Ra5 33. a4 Bc5 34.
Bd2 Bxd4 35. Bxa5 Ba7 36. Bxc7 Ng4 37. Rd8 Rxd8 38. Bxd8 Nxf2 39. b4 Ng4 40.
Nd2 Kf7 41. b5 axb5 42. axb5 Ke8 43. Bc7 Ne3+ 44. Kf3 Nd5 45. Be5 g6 46. Ke4
Ne7 47. Nc4 Nc8 48. Bc7 Bg1 49. b6 Nxb6 50. Bxb6 Bxh2 51. Kf3 h5 52. Kg2 Bxg3
53. Kxg3 Kf7 54. Kf4 Ke6 55. Ne3 h4 56. Kg4 g5 57. Bd8 h3 58. Kxh3 g4+ 59. Kxg4
Ke5 60. Kf3 Kd4 61. Bf6+ Kc5 62. Ke4 Kc6 63. Ke5 Kb5 64. Kd5 Kb6 65. Be5 Kb5
66. Nc2 Kb6 67. Nd4 Kb7 68. Kc5 Ka6 69. Kc6 Ka7 70. Nb5+ Ka8 71. Nc7+ Kb8 72.
Bd4 Kc8 73. Na6 Kd8 74. Be5 Kc8 75. Nc5 Kd8 76. Na4 Kc8 77. Nb6+ Kd8 78. Kd6
Ke8 79. Ke6 Kd8 80. Bf4 Ke8 81. Bg5 Kf8 82. Bf6 Ke8 83. Nc4 Kf8 84. Nd6 Kg8 85.
Kf5 Kf8 86. Kg6 Kg8 87. Be7 1-0

[Event "Olimpiada Calviá 2004"]
[Site "Calviá ESP"]
[Date "2004.10.26"]
[Round "11.53"]
[White "Matthews, Shane"]
[Black "Papatryfonos, Constantinos"]
[Result "0-1"]
[WhiteElo "2251"]
[BlackElo "2123"]
[PlyCount "66"]
[EventDate "2004.10.15"]
[EventType "team"]
[EventRounds "14"]
[EventCountry "ESP"]
[Source "lmi"]
[SourceDate "2004.10.27"]

1. e4 e5 2. Nf3 Nc6 3. Bb5 a6 4. Ba4 Nge7 5. O-O g6 6. d4 exd4 7. Nxd4 Bg7 8.
c3 O-O 9. Bg5 Nxd4 10. cxd4 h6 11. Bh4 g5 12. Bg3 d5 13. exd5 Nxd5 14. Nc3 c6
15. Bb3 Be6 16. Re1 Re8 17. Qf3 Qf6 18. Qh5 Qxd4 19. Re4 Nf6 20. Rxd4 Nxh5 21.
Rd2 Nxg3 22. hxg3 Bxb3 23. axb3 Rad8 24. Rad1 Re1+ 25. Rxe1 Rxd2 26. Re8+ Kh7
27. Na4 b5 28. Nc5 Bd4 29. Nxa6 Rxb2 30. Rd8 Bxf2+ 31. Kh2 Rxb3 32. Rd7 Kg7 33.
Nc7 Bxg3+ 0-1

[Event "Olimpiada Calviá 2004"]
[Site "Calviá ESP"]
[Date "2004.10.26"]
[Round "11.53"]
[White "Theocharides, Constantinos"]
[Black "Rowe, Duane"]
[Result "0-1"]
[WhiteElo "2115"]
[BlackElo "2197"]
[PlyCount "106"]
[EventDate "2004.10.15"]
[EventType "team"]
[EventRounds "14"]
[EventCountry "ESP"]
[Source "lmi"]
[SourceDate "2004.10.27"]

1. e4 e5 2. Nf3 Nc6 3. d4 exd4 4. Nxd4 Bc5 5. Nxc6 Qf6 6. Qd2 dxc6 7. Nc3 Be6
8. Na4 Rd8 9. Bd3 Bd6 10. Qe3 Nh6 11. h3 Be5 12. Qg5 Ng8 13. O-O Qxg5 14. Bxg5
f6 15. Be3 b6 16. f4 Bd4 17. Bxd4 Rxd4 18. Nc3 Ne7 19. Ne2 Rd7 20. f5 Bf7 21.
Rad1 O-O 22. Bc4 Rfd8 23. Bxf7+ Kxf7 24. Nc3 c5 25. Rxd7 Rxd7 26. Rd1 Rxd1+ 27.
Nxd1 Nc6 28. Ne3 Ke7 29. Kf2 Nb4 30. a3 Na6 31. Kf3 b5 32. Kf4 Kd6 33. g4 h6
34. h4 Nb8 35. g5 hxg5+ 36. hxg5 fxg5+ 37. Kxg5 Ke5 38. Nd5 c6 39. Nc3 b4 40.
Na4 Nd7 41. axb4 cxb4 42. b3 Kxe4 43. Nb2 Ne5 44. f6 Nf3+ 45. Kg6 gxf6 46. Kxf6
Nd4 47. Ke7 Kd5 48. Nc4 Nxc2 49. Kd7 Nd4 50. Nd2 a5 51. Kc7 Nxb3 52. Nxb3 a4
53. Nd2 Kc5 0-1

[Event "Olimpiada Calviá 2004"]
[Site "Calviá ESP"]
[Date "2004.10.26"]
[Round "11.53"]
[White "Porter, Russel"]
[Black "Klerides, Paris"]
[Result "1/2-1/2"]
[WhiteElo "2176"]
[BlackElo "2234"]
[PlyCount "54"]
[EventDate "2004.10.15"]
[EventType "team"]
[EventRounds "14"]
[EventCountry "ESP"]
[Source "lmi"]
[SourceDate "2004.10.27"]

1. d4 Nf6 2. c4 g6 3. Nc3 Bg7 4. e4 d6 5. Nf3 O-O 6. Be2 e5 7. Be3 Na6 8. dxe5
dxe5 9. c5 Qxd1+ 10. Rxd1 Ng4 11. Bg5 f6 12. Bc4+ Kh8 13. h3 Nxf2 14. Kxf2 fxg5
15. Kg3 h6 16. h4 g4 17. Ng5 Bf6 18. Nd5 Kg7 19. Nxf6 Rxf6 20. Rd8 Rf8 21. Rf1
Rxf1 22. Rg8+ Kf6 23. Nh7+ Ke7 24. Rg7+ Ke8 25. Rg8+ Ke7 26. Rg7+ Ke8 27. Rg8+
Ke7 1/2-1/2

[Event "Olimpiada Calviá 2004"]
[Site "Calviá ESP"]
[Date "2004.10.26"]
[Round "11.53"]
[White "Antoniou, Antonis"]
[Black "Lorne, Malaku"]
[Result "1-0"]
[WhiteElo "2211"]
[BlackElo "2110"]
[PlyCount "91"]
[EventDate "2004.10.15"]
[EventType "team"]
[EventRounds "14"]
[EventCountry "ESP"]
[Source "lmi"]
[SourceDate "2004.10.27"]

1. e4 c6 2. d4 d5 3. Nd2 dxe4 4. Nxe4 Nd7 5. Ng5 Ngf6 6. Bd3 e6 7. N1f3 h6 8.
Nxe6 Qe7 9. O-O fxe6 10. Bg6+ Kd8 11. c4 b5 12. b3 bxc4 13. bxc4 Qd6 14. Qe2
Ba6 15. Ne5 Kc8 16. Rd1 Rg8 17. Bf7 g5 18. Nxd7 Kxd7 19. Ba3 Qxa3 20. Qxe6+ Kc7
21. Qxf6 Be7 22. Qe6 Bc8 23. Qe5+ Bd6 24. Qf6 Rd8 25. c5 Ba6 26. cxd6+ Qxd6 27.
Qxd6+ Rxd6 28. d5 Rad8 29. Rdc1 R8d7 30. Be8 Re7 31. Bxc6 Kd8 32. Rab1 Rc7 33.
Re1 Rf7 34. f3 h5 35. Re8+ Kc7 36. Rg8 Bc4 37. Rxg5 Rf4 38. Rb7+ Kc8 39. Rxa7
Rd4 40. Rg8+ Rd8 41. Ra8+ Kc7 42. Rgxd8 Rd2 43. a4 Kb6 44. a5+ Kc5 45. a6 h4
46. Rh8 1-0

[Event "Olimpiada Calviá 2004"]
[Site "Calviá ESP"]
[Date "2004.10.26"]
[Round "11.54"]
[White "Njobvu, Ignatius"]
[Black "Eichab, Charles"]
[Result "1-0"]
[WhiteElo "2201"]
[BlackElo "2200"]
[PlyCount "77"]
[EventDate "2004.10.15"]
[EventType "team"]
[EventRounds "14"]
[EventCountry "ESP"]
[Source "lmi"]
[SourceDate "2004.10.27"]

1. d4 Nf6 2. c4 e6 3. Nc3 Bb4 4. Qc2 d5 5. cxd5 exd5 6. Bg5 c6 7. e3 O-O 8. Bd3
Nbd7 9. Bxh7+ Kh8 10. Bd3 Qc7 11. Nf3 Re8 12. O-O g6 13. Ne5 Rxe5 14. dxe5 Qxe5
15. Bf4 Qe7 16. a3 Bd6 17. Ne2 Ne5 18. Bg3 Kg7 19. Nd4 Bd7 20. Rfe1 Rh8 21. Be2
Ne4 22. f4 Ng4 23. Bxg4 Bxg4 24. b4 f6 25. Nf3 Kg8 26. Nd2 Bf5 27. Nxe4 Bxe4
28. Qc3 Kf7 29. Red1 Rc8 30. Qb3 Kg7 31. Rac1 a5 32. Be1 Ra8 33. Bc3 c5 34.
bxa5 c4 35. Qb2 Kf7 36. Bb4 Ke6 37. Rxc4 dxc4 38. Rxd6+ Kf7 39. Qd4 1-0

[Event "Olimpiada Calviá 2004"]
[Site "Calviá ESP"]
[Date "2004.10.26"]
[Round "11.54"]
[White "Mueller, Leonhard"]
[Black "Pitlagano, Tebogo"]
[Result "0-1"]
[WhiteElo "2213"]
[BlackElo "2128"]
[PlyCount "114"]
[EventDate "2004.10.15"]
[EventType "team"]
[EventRounds "14"]
[EventCountry "ESP"]
[Source "lmi"]
[SourceDate "2004.10.27"]

1. d4 d5 2. c4 e6 3. Nc3 Nf6 4. cxd5 exd5 5. Bg5 Be7 6. e3 c6 7. Bd3 Nbd7 8.
Qc2 h6 9. Bh4 O-O 10. Nf3 Re8 11. O-O-O Ne4 12. Bg3 Nxc3 13. Qxc3 c5 14. Qc2 c4
15. Bh7+ Kh8 16. Bf5 Nf6 17. Ne5 Kg8 18. f3 Qa5 19. Kb1 b5 20. Nc6 Qb6 21.
Nxe7+ Rxe7 22. Be5 Nd7 23. e4 Nxe5 24. dxe5 Bxf5 25. exf5 Rxe5 26. f4 Re4 27.
Rxd5 Rxf4 28. Rhd1 Re8 29. Rd6 Qe3 30. Rd8 Rfe4 31. f6 gxf6 32. a4 a6 33. Ka1
Kg7 34. Rxe8 Rxe8 35. Qf5 Re5 36. Qc8 Qb3 37. Rf1 Qxa4+ 38. Kb1 Rg5 39. h4 Rg6
40. h5 Rg5 41. Qc6 f5 42. Qd6 c3 43. Qe5+ Kh7 44. Qxc3 Qe4+ 45. Ka1 Qxg2 46.
Re1 Rxh5 47. Qf6 Qg6 48. Qd4 Qc6 49. Qe5 Rg5 50. Qe7 Qc4 51. Qe5 b4 52. Rh1 b3
53. Qh2 Qa4+ 54. Kb1 Qa2+ 55. Kc1 Qa1+ 56. Kd2 Qxb2+ 57. Ke3 Qxh2 0-1

[Event "Olimpiada Calviá 2004"]
[Site "Calviá ESP"]
[Date "2004.10.26"]
[Round "11.54"]
[White "Hosiah, Olebogeng"]
[Black "Nakapunda, Otto"]
[Result "1/2-1/2"]
[WhiteElo "2124"]
[BlackElo "2129"]
[PlyCount "45"]
[EventDate "2004.10.15"]
[EventType "team"]
[EventRounds "14"]
[EventCountry "ESP"]
[Source "lmi"]
[SourceDate "2004.10.27"]

1. e4 c6 2. Nf3 d5 3. exd5 cxd5 4. d4 Nf6 5. Bd3 Nc6 6. h3 e6 7. O-O Be7 8. c3
O-O 9. Ne5 Re8 10. f4 Ne4 11. Nd2 f5 12. Ndf3 Bd7 13. Nxc6 bxc6 14. Ne5 c5 15.
Kh2 cxd4 16. cxd4 Rb8 17. b3 Bd6 18. Bb2 Bb5 19. Bxb5 Rxb5 20. Qd3 Rb7 21. Rac1
Rc7 22. Qb5 Bxe5 23. dxe5 1/2-1/2

[Event "Olimpiada Calviá 2004"]
[Site "Calviá ESP"]
[Date "2004.10.26"]
[Round "11.55"]
[White "Van Hoolandt, Patrick"]
[Black "Kawuma, Steven Male"]
[Result "0-1"]
[WhiteElo "2269"]
[BlackElo "2141"]
[PlyCount "144"]
[EventDate "2004.10.15"]
[EventType "team"]
[EventRounds "14"]
[EventCountry "ESP"]
[Source "lmi"]
[SourceDate "2004.10.27"]

1. c4 e5 2. g3 Nc6 3. Bg2 g6 4. Nc3 Bg7 5. d3 Nf6 6. Nf3 O-O 7. O-O d6 8. Rb1
Nh5 9. b4 f5 10. Bg5 Qd7 11. b5 Ne7 12. Nd2 h6 13. Bxe7 Qxe7 14. a4 Rb8 15. Nd5
Qf7 16. a5 Nf6 17. Qb3 Be6 18. Nb4 e4 19. a6 c5 20. bxc6 bxc6 21. Qc2 Rb6 22.
dxe4 c5 23. Nd5 Rxa6 24. exf5 Bxf5 25. e4 Be6 26. Rb3 Nxd5 27. cxd5 Bg4 28. f3
Bc8 29. Nc4 Qf6 30. f4 Ra1 31. e5 Rxf1+ 32. Bxf1 dxe5 33. Nxe5 Qd6 34. Qxg6
Qxg6 35. Nxg6 Bd4+ 36. Kg2 Re8 37. d6 Be6 38. Ne7+ Kf8 39. Rb7 Rd8 40. f5 Bf7
41. Ng6+ Bxg6 42. fxg6 Rxd6 43. Rf7+ Kg8 44. Bd3 Bg7 45. Be4 Re6 46. Bb1 Rb6
47. Bd3 Rd6 48. Rf3 Rd4 49. Bf5 c4 50. Be6+ Kh8 51. Ra3 c3 52. Rxa7 Rd8 53. Rc7
Re8 54. Bf5 Rf8 55. g4 Re8 56. Kf3 Kg8 57. Bd3 Rf8+ 58. Ke2 Re8+ 59. Kd1 Rd8
60. Kc2 Rf8 61. Bc4+ Kh8 62. Kd3 Rd8+ 63. Ke4 Rf8 64. Be6 Re8 65. Kf5 Rf8+ 66.
Bf7 Rb8 67. g5 hxg5 68. Kxg5 Be5 69. Be6 Bxc7 70. Bf5 Kg7 71. h4 Bd8+ 72. Kg4
Rb2 0-1

[Event "Olimpiada Calviá 2004"]
[Site "Calviá ESP"]
[Date "2004.10.26"]
[Round "11.55"]
[White "Munanira, Isaac"]
[Black "Gentilleau, Jean-Philippe"]
[Result "0-1"]
[WhiteElo "2200"]
[BlackElo "2256"]
[PlyCount "134"]
[EventDate "2004.10.15"]
[EventType "team"]
[EventRounds "14"]
[EventCountry "ESP"]
[Source "lmi"]
[SourceDate "2004.10.27"]

1. d4 Nf6 2. c4 g6 3. Nc3 Bg7 4. Nf3 O-O 5. g3 d6 6. Bg2 Nc6 7. O-O a6 8. Re1
e5 9. e4 Bg4 10. d5 Nd4 11. Be3 Nd7 12. Bxd4 exd4 13. Ne2 d3 14. Qxd3 Bxb2 15.
Rab1 Bg7 16. Ned4 Nc5 17. Qc2 Re8 18. h3 Bd7 19. Re3 Ba4 20. Nb3 Qf6 21. Rbe1
Nd7 22. Qb1 Bh6 23. R3e2 b5 24. Nbd4 bxc4 25. Qb4 Nb6 26. e5 dxe5 27. Nxe5 Bf8
28. Qa5 Bd6 29. Ndc6 Bxc6 30. Nxc6 Rxe2 31. Rxe2 Qa1+ 32. Kh2 h5 33. Qd2 Qf6
34. Qd4 Qxd4 35. Nxd4 Kf8 36. Rc2 Re8 37. Bf3 h4 38. Kg2 hxg3 39. fxg3 Re3 40.
h4 Rd3 41. Ne2 Nxd5 42. Bxd5 Rxd5 43. Kf3 Rd3+ 44. Kf2 Ra3 45. g4 Kg7 46. Kg2
Be5 47. Rd2 c3 48. Rc2 Ra4 49. Kf3 Rb4 50. h5 Rb2 51. Rc1 Rxa2 52. hxg6 Kxg6
53. Ke3 Ra4 54. Kd3 Rxg4 55. Ra1 f6 56. Rxa6 Rh4 57. Rc6 Rh3+ 58. Ke4 Rh4+ 59.
Kd3 Ra4 60. Rc5 Ra2 61. Rc6 Kf5 62. Rc4 Ke6 63. Rc5 Kd6 64. Rc4 c5 65. Rh4 Rd2+
66. Ke3 Bd4+ 67. Kf3 c2 0-1

[Event "Olimpiada Calviá 2004"]
[Site "Calviá ESP"]
[Date "2004.10.26"]
[Round "11.55"]
[White "Calabrese, Antonino"]
[Black "Kantinti, Shadrack"]
[Result "0-1"]
[WhiteElo "2038"]
[BlackElo "2188"]
[PlyCount "58"]
[EventDate "2004.10.15"]
[EventType "team"]
[EventRounds "14"]
[EventCountry "ESP"]
[Source "lmi"]
[SourceDate "2004.10.27"]

1. e4 c5 2. Nf3 d6 3. d4 cxd4 4. Nxd4 Nf6 5. Nc3 Nc6 6. Be2 g6 7. Be3 Bg7 8. f3
O-O 9. Qd2 Bd7 10. O-O-O Rc8 11. g4 Ne5 12. h4 h5 13. g5 Ne8 14. Nb3 a6 15. Nd5
Be6 16. Qa5 Nc7 17. Bb6 Bxd5 18. exd5 Qd7 19. Nd4 Na8 20. b3 Nxb6 21. Qxb6 Rc3
22. Rd2 Rfc8 23. Kb1 R8c5 24. f4 Ng4 25. Bc4 Ne3 26. Bd3 Bxd4 27. Bxg6 fxg6 28.
Rxd4 Nxd5 29. Qa7 Ne3 0-1

[Event "Olimpiada Calviá 2004"]
[Site "Calviá ESP"]
[Date "2004.10.26"]
[Round "11.56"]
[White "Silveirinha, Jose Antonio C"]
[Black "Mannhart, Marcel"]
[Result "0-1"]
[WhiteElo "2146"]
[BlackElo "2191"]
[PlyCount "74"]
[EventDate "2004.10.15"]
[EventType "team"]
[EventRounds "14"]
[EventCountry "ESP"]
[Source "lmi"]
[SourceDate "2004.10.27"]

1. d4 g6 2. c4 Bg7 3. Nf3 d6 4. e4 Bg4 5. Be2 Nc6 6. Be3 e5 7. d5 Bxf3 8. Bxf3
Nd4 9. Qa4+ Qd7 10. Bd1 c5 11. dxc6 bxc6 12. O-O Nf6 13. Nd2 O-O 14. f4 c5 15.
fxe5 dxe5 16. Bg5 Qd6 17. Kh1 Nd7 18. Bg4 Nb6 19. Qd1 f6 20. Be3 Rad8 21. Rc1
Qc6 22. Qe1 Kh8 23. a3 a5 24. Qh4 a4 25. Rf2 Rf7 26. Rcf1 Rdf8 27. Qh3 Re7 28.
Qg3 Ref7 29. h4 f5 30. exf5 Nxf5 31. Bxf5 gxf5 32. Qg5 f4 33. Nf3 fxe3 34. Nxe5
Rxf2 35. Nxc6 Rxf1+ 36. Kh2 e2 37. Ne7 e1=Q 0-1

[Event "Olimpiada Calviá 2004"]
[Site "Calviá ESP"]
[Date "2004.10.26"]
[Round "11.56"]
[White "Frick, Renato"]
[Black "Ho, Cheng-Fai"]
[Result "1-0"]
[WhiteElo "2151"]
[BlackElo "2035"]
[PlyCount "63"]
[EventDate "2004.10.15"]
[EventType "team"]
[EventRounds "14"]
[EventCountry "ESP"]
[Source "lmi"]
[SourceDate "2004.10.27"]

1. e4 c5 2. Nf3 d6 3. d4 cxd4 4. Nxd4 Nf6 5. Nc3 a6 6. Bg5 e6 7. f4 Be7 8. Qf3
O-O 9. O-O-O Qc7 10. Bd3 Nc6 11. Nxc6 bxc6 12. Rhe1 e5 13. f5 Rb8 14. Bc4 Rd8
15. Bb3 a5 16. g4 Ba6 17. h4 Ne8 18. Bxe7 Qxe7 19. g5 Qb7 20. g6 Nf6 21. gxf7+
Kf8 22. Rg1 c5 23. Qg2 Nh5 24. f6 g6 25. Qg5 c4 26. Qh6+ Kxf7 27. Qxh7+ Ke6 28.
Qxg6 Nxf6 29. Qf5+ Kf7 30. Nd5 cxb3 31. Qxf6+ Ke8 32. Qe6+ 1-0

[Event "Olimpiada Calviá 2004"]
[Site "Calviá ESP"]
[Date "2004.10.26"]
[Round "11.56"]
[White "Calangi, Zachary Alexander"]
[Black "Guller, Andras"]
[Result "1/2-1/2"]
[WhiteElo "2142"]
[BlackElo "2110"]
[PlyCount "78"]
[EventDate "2004.10.15"]
[EventType "team"]
[EventRounds "14"]
[EventCountry "ESP"]
[Source "lmi"]
[SourceDate "2004.10.27"]

1. e4 c5 2. Nf3 e6 3. c3 d5 4. exd5 Qxd5 5. d4 Nf6 6. Be2 Be7 7. O-O O-O 8. Ne5
cxd4 9. cxd4 Nc6 10. Nxc6 Qxc6 11. Bf3 Qc7 12. Nc3 Bd7 13. Bg5 Bc6 14. Rc1 Bxf3
15. Qxf3 Qd7 16. Rcd1 h6 17. Bh4 Nh7 18. Bxe7 Qxe7 19. Rfe1 Qb4 20. Re2 Nf6 21.
a3 Qb6 22. Na4 Qc7 23. Nc5 b6 24. Ne4 Nxe4 25. Qxe4 Rad8 26. Rc2 Qd7 27. f3 Qd5
28. Rd3 e5 29. Rcd2 Qxe4 30. fxe4 Rxd4 31. Rxd4 exd4 32. Rxd4 Rc8 33. Rd2 Rc4
34. Re2 f6 35. Kf2 Kf7 36. Ke3 Ke6 37. Rf2 g6 38. Rd2 Rc8 39. g3 Rc4 1/2-1/2

[Event "Olimpiada Calviá 2004"]
[Site "Calviá ESP"]
[Date "2004.10.26"]
[Round "11.57"]
[White "Adedeji Olatunji, Adekola"]
[Black "Vella, Duncan"]
[Result "1-0"]
[WhiteElo "2093"]
[BlackElo "2167"]
[PlyCount "111"]
[EventDate "2004.10.15"]
[EventType "team"]
[EventRounds "14"]
[EventCountry "ESP"]
[Source "lmi"]
[SourceDate "2004.10.27"]

1. e4 c5 2. Nf3 g6 3. d4 Bg7 4. Nc3 Qa5 5. Be3 Nf6 6. Nd2 cxd4 7. Nb3 Qd8 8.
Nxd4 d6 9. f3 O-O 10. Qd2 Nc6 11. O-O-O Nxd4 12. Bxd4 Be6 13. g4 Qa5 14. a3
Rfc8 15. Kb1 a6 16. h4 h5 17. g5 Nd7 18. Bh3 Bxd4 19. Qxd4 Rc4 20. Qd2 Rac8 21.
Nd5 Qxd2 22. Rxd2 Bxd5 23. Bxd7 R8c7 24. Rxd5 Rxd7 25. Rhd1 Rdc7 26. c3 b5 27.
R1d4 R4c5 28. a4 Rxd5 29. Rxd5 bxa4 30. Ra5 Rc4 31. Kc2 Kf8 32. Kd3 Rc6 33.
Rxa4 f6 34. gxf6 exf6 35. b4 Ke7 36. Kd4 Ke6 37. c4 g5 38. Ra5 g4 39. fxg4 hxg4
40. h5 Rb6 41. Kc3 g3 42. h6 Rb8 43. h7 Rh8 44. Rxa6 Rxh7 45. Ra1 Ke5 46. Rg1
Rg7 47. Kd3 Kf4 48. Kd4 Rg5 49. b5 Re5 50. b6 Kf3 51. b7 Re8 52. Kd5 Kf2 53.
Rb1 g2 54. Kxd6 g1=Q 55. Rxg1 Kxg1 56. c5 1-0

[Event "Olimpiada Calviá 2004"]
[Site "Calviá ESP"]
[Date "2004.10.26"]
[Round "11.58"]
[White "Hawes, Jonathan"]
[Black "Fancy, Stuart"]
[Result "1-0"]
[WhiteElo "2151"]
[BlackElo "2195"]
[PlyCount "53"]
[EventDate "2004.10.15"]
[EventType "team"]
[EventRounds "14"]
[EventCountry "ESP"]
[Source "lmi"]
[SourceDate "2004.10.27"]

1. d4 d6 2. c4 g6 3. Nc3 Bg7 4. e4 e5 5. d5 Nd7 6. Rb1 a5 7. a3 Ne7 8. Bd3 O-O
9. Nge2 f5 10. exf5 gxf5 11. f4 Nc5 12. b4 axb4 13. axb4 Nxd3+ 14. Qxd3 Ng6 15.
O-O Qf6 16. Nb5 Rf7 17. Bb2 Ra2 18. Qb3 Rxb2 19. Qxb2 c6 20. Na7 Bd7 21. dxc6
bxc6 22. b5 cxb5 23. cxb5 Qd8 24. b6 exf4 25. Qb3 Be5 26. Rfc1 Qb8 27. Nc6 1-0

[Event "Olimpiada Calviá 2004"]
[Site "Calviá ESP"]
[Date "2004.10.26"]
[Round "11.60"]
[White "Hook, William"]
[Black "Mutabazi, Fidele"]
[Result "1/2-1/2"]
[WhiteElo "2108"]
[BlackElo "2200"]
[PlyCount "91"]
[EventDate "2004.10.15"]
[EventType "team"]
[EventRounds "14"]
[EventCountry "ESP"]
[Source "lmi"]
[SourceDate "2004.10.27"]

1. d4 d5 2. c4 c6 3. Nf3 Nd7 4. cxd5 cxd5 5. Nc3 Ngf6 6. Bf4 e6 7. e3 a6 8. Bd3
Be7 9. h3 b5 10. Rc1 Bb7 11. O-O O-O 12. Qe2 Rc8 13. Ne5 Kh8 14. a4 b4 15. Nb1
a5 16. Nd2 Nxe5 17. Bxe5 Bd6 18. Ba6 Bxa6 19. Qxa6 Rxc1 20. Rxc1 Bxe5 21. dxe5
Nd7 22. Qd6 Nb6 23. b3 Qxd6 24. exd6 e5 25. Rc7 Rd8 26. Rxf7 Kg8 27. Ra7 Rxd6
28. Kf1 Nc8 29. Rxa5 Ne7 30. Ke2 Kf7 31. e4 Ke6 32. exd5+ Rxd5 33. Ra6+ Rd6 34.
Rxd6+ Kxd6 35. Kd3 Kd5 36. f3 Nc6 37. Nc4 Nd4 38. h4 Nxb3 39. Ne3+ Kc5 40. Ke4
Nd2+ 41. Kd3 Nb3 42. Ng4 Kd5 43. Ne3+ Kc5 44. Ng4 Kd5 45. Ne3+ Kc5 46. Ng4
1/2-1/2